00774nam a2200253 a 4500001001300000003000900013005001700022008004100039020002300080082001700103100002300120245006700143260004400210300000900254500003500263505002300298650001200321650001400333700002300347902000800370942000700378952011800385999001700503nice12345678IN_TiNIC20260116013657.0050524s1978 lona grp 000 0 eng  a019108X c22000a320.532bKOL aKolakowski, Leszek aMain Currents of Marxismb Its Origins, Growth and Dissolution aLondan bOxford University Press c1978 a542p aincludes index and biblioraphy2 aBibl, Notes, Index aMarxism aCommunism1 aKolakowski, Leszek bSRS cBK 001040708StackRoom-aHMIbHMId2007-04-05g220.00l0o320.532 KOLp016998r2007-04-05v220.00w2005-05-24yBK c11925d11925